Car Logos With Red on Them - Statistics

General Stats
  • This quiz has been taken 80 times
  • The average score is 7 of 10
Answer Stats
Picture Answer % Correct
Mitsubishi
97%
Tesla
97%
Porsche
93%
Suzuki
93%
Kia
88%
Pontiac
65%
Saturn
51%
Ducati
50%
Daihatsu
47%
Ariel
32%
No matching quizzes found
Score Distribution
Percent of People with Each Score
Percentile by Number Answered
Your Score History
You have not taken this quiz